| 000 | 005310000a22002050004500 | ||
|---|---|---|---|
| 003 | LK-CoMWRAF | ||
| 005 | 20230914133539.0 | ||
| 008 | 230817t ||||| |||| 00| 0 eng d | ||
| 040 |
_aLK-CoMWRAF _dLK-CoMWRAF _eLK-CoMWRAF |
||
| 041 | _aeng | ||
| 082 |
_a297.122 _bTAF |
||
| 100 | _aA.L.Shaykh Safiur Rahman | ||
| 245 |
_aTAFSIR IBN KATHIR : _b(Surah Hud to Surat Al-Isra) |
||
| 250 | _a1st Edition | ||
| 260 |
_aRiyadh : _bDarussalam, |
||
| 300 | _a624p | ||
| 490 | _aVolume 5 | ||
| 650 | _aQurʾan-Commentaries | ||
| 942 | _cBK | ||
| 999 |
_c375 _d375 |
||